| 000 | 00486 a2200169 4500 | ||
|---|---|---|---|
| 999 |
_c41482 _d41482 |
||
| 003 | OSt | ||
| 005 | 20220723113527.0 | ||
| 008 | 220723b ||||| |||| 00| 0 eng d | ||
| 020 | _a9780199497225 | ||
| 040 | _coclc | ||
| 082 |
_a006.312 _bSAD/B |
||
| 100 | 1 |
_99050 _aSadasivam, G. Sudha |
|
| 245 | _aBig data analytics | ||
| 260 |
_aNew Delhi: _bOxford University Press, _c2020. |
||
| 300 | _aviii 423 pages | ||
| 942 |
_2ddc _cBK _h006.312 _iSAD/B _k006.312 _mSAD/B |
||